header

John Adair's 100 greatest ideas for being a brilliant manager (Record no. 133900)

MARC details
000 -LEADER
fixed length control field 01373nam a2200349Ia 4500
100 1# - MAIN ENTRY--AUTHOR NAME
Personal name Adair, John Eric,
245 10 - TITLE STATEMENT
Title John Adair's 100 greatest ideas for being a brilliant manager
260 ## - PUBLICATION, DISTRIBUTION, ETC. (IMPRINT)
Place of publication Chichester, West Sussex, UK :
Name of publisher Capstone,
Year of publication 2011.
300 ## - PHYSICAL DESCRIPTION
Number of Pages xiii, 267 p. :
Other physical details ill.
500 ## - GENERAL NOTE
General note Includes index.
650 #0 - SUBJECT ADDED ENTRY--TOPICAL TERM
Topical Term Executive ability.
Topical Term Leadership.
856 40 - ELECTRONIC LOCATION AND ACCESS
Uniform Resource Identifier http://site.ebrary.com/lib/rucke/Doc?id=10538667

No items available.

© 2026 Rongo University
Contact us: librarian | system librarian | Rongo university